[Event "Almansa 2014 - Torneo B"]
[Site "Almansa ESP"]
[Date "2014.08.06"]
[Round "3.4"]
[White "Molla Gil, Pablo"]
[Black "Garcia Porlan, Beatriz"]
[Result "1-0"]
[WhiteElo "1789"]
[BlackElo "1960"]
[PlyCount "103"]
[EventDate "2014.08.05"]
[EventType "swiss"]
[EventRounds "9"]
[EventCountry "ESP"]
[Source "lmi"]
[SourceDate "2014.08.05"]

1. e3 d5 2. c4 c6 3. Nf3 Nf6 4. Nc3 a6 5. d4 b5 6. c5 Bg4 7. h3 Bxf3 8. Qxf3
Nbd7 9. Qg3 g6 10. Bd3 Nh5 11. Qh2 Bg7 12. g4 Nhf6 13. O-O g5 14. f4 gxf4 15.
Qxf4 Qb8 16. Qf2 h6 17. a3 e5 18. Bf5 e4 19. Bxd7+ Kxd7 20. Qf5+ Kc7 21. Ne2
Kb7 22. Nf4 Qc7 23. Bd2 Qc8 24. Nh5 Qxf5 25. Rxf5 Nxh5 26. Rxf7+ Kb8 27. gxh5
Ra7 28. Rxa7 Kxa7 29. Rf1 Rf8 30. Rxf8 Bxf8 31. Kg2 Be7 32. Kg3 Bg5 33. h4 Be7
34. Kg4 Kb7 35. Be1 Kc7 36. Kf5 Kd7 37. Kg6 Bf8 38. Kf7 Be7 39. Bg3 a5 40. b3
a4 41. bxa4 bxa4 42. Kg7 Ke6 43. Bf4 Bxh4 44. Bxh6 Kf5 45. Bf4 Bf6+ 46. Kf7
Bxd4 47. h6 Bf6 48. h7 d4 49. exd4 Bxd4 50. Bh6 e3 51. Bxe3 Bh8 52. Bh6 1-0

[Event "Almansa 2014 - Torneo B"]
[Site "Almansa ESP"]
[Date "2014.08.06"]
[Round "3.5"]
[White "Guillen Beltran, Juan"]
[Black "Garcia Ruano, Juan Carlos"]
[Result "1-0"]
[WhiteElo "1755"]
[BlackElo "1930"]
[PlyCount "115"]
[EventDate "2014.08.05"]
[EventType "swiss"]
[EventRounds "9"]
[EventCountry "ESP"]
[Source "lmi"]
[SourceDate "2014.08.05"]

1. e4 c5 2. Nf3 Nc6 3. d4 cxd4 4. Nxd4 d6 5. Nc3 Nf6 6. Bc4 g6 7. h3 Bg7 8. Be3
O-O 9. O-O Bd7 10. Qd2 a6 11. a3 Rc8 12. Be2 Nxd4 13. Bxd4 Bc6 14. f3 e5 15.
Be3 d5 16. exd5 Nxd5 17. Nxd5 Qxd5 18. Qxd5 Bxd5 19. c3 Bb3 20. Bd1 Bc4 21. Re1
Rfd8 22. Bc2 f5 23. Rad1 Kf7 24. Bb6 Rxd1 25. Rxd1 Ke6 26. b3 Bd5 27. c4 Bc6
28. Re1 Bf8 29. Bd4 Bxa3 30. Bxe5 Kf7 31. Bc3 Bc5+ 32. Kf1 Rd8 33. b4 Be7 34.
Bb3 Rd3 35. c5+ Kf8 36. Bg7+ Kxg7 37. Rxe7+ Kf8 38. Rf7+ Ke8 39. Be6 Re3 40.
Ba2 Bb5+ 41. Kg1 Re1+ 42. Kh2 Re2 43. Bb3 Rb2 44. Be6 Bc6 45. Rxh7 Bxf3 46. Kg3
Be4 47. Kf4 Bc6 48. Ke5 Rxb4 49. Bf7+ Kd8 50. Bxg6 Bxg2 51. Bxf5 Rc4 52. h4
Rxc5+ 53. Kf4 Bf1 54. Rxb7 Be2 55. Kg5 a5 56. Ra7 Bd3 57. Rd7+ Ke8 58. Rxd3 1-0

[Event "Almansa 2014 - Torneo B"]
[Site "Almansa ESP"]
[Date "2014.08.06"]
[Round "3.6"]
[White "Ceron Carrion, Cesar"]
[Black "Lozano Osorio, Isaac"]
[Result "0-1"]
[WhiteElo "1916"]
[BlackElo "1767"]
[PlyCount "44"]
[EventDate "2014.08.05"]
[EventType "swiss"]
[EventRounds "9"]
[EventCountry "ESP"]
[Source "lmi"]
[SourceDate "2014.08.05"]

1. e4 d6 2. d4 g6 3. Bd3 Bg7 4. c3 Nd7 5. Bg5 Ngf6 6. f4 e5 7. fxe5 dxe5 8. Nf3
Qe7 9. O-O h6 10. Bh4 O-O 11. Nbd2 g5 12. Nxg5 hxg5 13. Bxg5 Qe6 14. h3 Nh7 15.
Bh4 exd4 16. Bc4 Qb6 17. Be7 dxc3+ 18. Kh1 cxd2 19. Bxf8 Ndxf8 20. Bxf7+ Kh8
21. Qxd2 Qxb2 22. Qd8 Bxh3 0-1

[Event "Almansa 2014 - Torneo B"]
[Site "Almansa ESP"]
[Date "2014.08.06"]
[Round "3.7"]
[White "Bono Monreal, Alberto"]
[Black "Lucas Leon, Angel"]
[Result "0-1"]
[WhiteElo "1596"]
[BlackElo "1863"]
[PlyCount "62"]
[EventDate "2014.08.05"]
[EventType "swiss"]
[EventRounds "9"]
[EventCountry "ESP"]
[Source "lmi"]
[SourceDate "2014.08.05"]

1. e4 c6 2. d4 d5 3. exd5 cxd5 4. Bd3 Nf6 5. Nf3 Nc6 6. Bf4 Bg4 7. c3 e6 8.
Nbd2 Bd6 9. Bxd6 Qxd6 10. O-O O-O 11. Qb3 Rab8 12. Rfe1 b5 13. Ne5 Na5 14. Qc2
Bh5 15. Re3 Nc4 16. Ndxc4 bxc4 17. Be2 Bg6 18. Nxg6 hxg6 19. Bf3 Rb7 20. Rb1
Rfb8 21. b4 Re8 22. a4 e5 23. dxe5 Rxe5 24. Rxe5 Qxe5 25. Qd2 Re7 26. b5 g5 27.
g3 g4 28. Bg2 Ne4 29. Bxe4 Qxe4 30. Rd1 Qf3 31. Qxd5 Re1+ 0-1

[Event "Almansa 2014 - Torneo B"]
[Site "Almansa ESP"]
[Date "2014.08.06"]
[Round "3.8"]
[White "Jarque Megias, Juan Jose"]
[Black "Quiralte Lara, Jose Maria"]
[Result "0-1"]
[WhiteElo "1854"]
[BlackElo "1449"]
[PlyCount "122"]
[EventDate "2014.08.05"]
[EventType "swiss"]
[EventRounds "9"]
[EventCountry "ESP"]
[Source "lmi"]
[SourceDate "2014.08.05"]

1. d4 Nf6 2. c4 c5 3. d5 b5 4. cxb5 a6 5. bxa6 Bxa6 6. Nc3 g6 7. Nf3 Bg7 8. e4
Bxf1 9. Kxf1 d6 10. g3 O-O 11. Kg2 Nbd7 12. Re1 Qc7 13. h3 Rfb8 14. Qc2 Nb6 15.
Bf4 Nfd7 16. Bg5 Nc4 17. Reb1 Nde5 18. Nxe5 Bxe5 19. Qe2 Nxb2 20. Nb5 Qb7 21.
f4 Bg7 22. a4 Nxa4 23. Rxa4 Rxa4 24. Nc3 Rb4 25. Rxb4 Qxb4 26. Nd1 Bf6 27. Bxf6
exf6 28. e5 fxe5 29. fxe5 Re8 30. e6 fxe6 31. dxe6 Qb7+ 32. Kh2 Qe7 33. Qf3
Qxe6 34. Nc3 Rf8 35. Qg2 Qe5 36. Ne2 c4 37. Nf4 c3 38. Qc2 Rb8 39. Ng2 Rb2 40.
Qa4 c2 41. Qc6 Qe2 42. Qc8+ Kf7 43. Qd7+ Qe7 44. Qc6 Qb7 45. Qc4+ Ke7 46. Qh4+
Ke8 47. Qa4+ Qb5 48. Qe4+ Kd7 49. Qg4+ Kc7 50. Qf4 Qc6 51. Qf7+ Kb6 52. Qf2+
Qc5 53. Qf8 c1=Q 54. Qb8+ Ka5 55. Qa8+ Kb4 56. Qb7+ Qb5 57. Qe4+ Qcc4 58. Qe1+
Kb3 59. Qe3+ Ka2 60. Qa7+ Qca4 61. Qf7+ d5 0-1

[Event "Almansa 2014 - Torneo B"]
[Site "Almansa ESP"]
[Date "2014.08.06"]
[Round "3.9"]
[White "Castillo Garcia, Adrian"]
[Black "Perez Torres, Juan Jose"]
[Result "1-0"]
[WhiteElo "1719"]
[BlackElo "1983"]
[PlyCount "107"]
[EventDate "2014.08.05"]
[EventType "swiss"]
[EventRounds "9"]
[EventCountry "ESP"]
[Source "lmi"]
[SourceDate "2014.08.05"]

1. c4 e6 2. g3 d5 3. Bg2 c6 4. Nf3 Nf6 5. O-O Be7 6. b3 O-O 7. Bb2 Nbd7 8. d4
dxc4 9. bxc4 Qb6 10. Qc2 c5 11. e3 h6 12. Nc3 cxd4 13. exd4 Qc7 14. Nb5 Qb6 15.
Rab1 a6 16. Nc3 Qc7 17. Qe2 Re8 18. Rfc1 Rb8 19. Qd3 b6 20. Re1 Bb7 21. Rbd1
Rbc8 22. Nd2 Bxg2 23. Kxg2 Red8 24. Qf3 Nf8 25. Nce4 Ng6 26. h4 Nxe4 27. Qxe4
Bf6 28. Ba1 Re8 29. Rc1 Qd7 30. Qg4 Nf8 31. Red1 Red8 32. Ne4 Nh7 33. Nxf6+
Nxf6 34. Qf3 Ne8 35. Qg4 Qa4 36. d5 exd5 37. Rxd5 Qc6 38. Re1 Nf6 39. Bxf6 Qxf6
40. Qe4 Re8 41. Qxe8+ Rxe8 42. Rxe8+ Kh7 43. Rc8 Qe6 44. Rc7 b5 45. Rdd7 bxc4
46. Rxf7 c3 47. Rxg7+ Kh8 48. Rge7 Qd5+ 49. Kh2 Qg8 50. Rxc3 Qf8 51. Re2 Qb4
52. Rc7 Qf8 53. Kg1 Qd8 54. Ree7 1-0

[Event "Almansa 2014 - Torneo B"]
[Site "Almansa ESP"]
[Date "2014.08.06"]
[Round "3.10"]
[White "Escalante Ortega, Fernando"]
[Black "Rodriguez Sanz, Ismael"]
[Result "1/2-1/2"]
[WhiteElo "1860"]
[BlackElo "1647"]
[PlyCount "78"]
[EventDate "2014.08.05"]
[EventType "swiss"]
[EventRounds "9"]
[EventCountry "ESP"]
[Source "lmi"]
[SourceDate "2014.08.05"]

1. e4 c5 2. Nf3 e6 3. d4 cxd4 4. Nxd4 a6 5. c4 Qc7 6. Nc3 Nf6 7. Be3 Be7 8. Be2
d6 9. f3 Nbd7 10. O-O O-O 11. Qd2 b6 12. Rac1 Bb7 13. Rfd1 Rac8 14. Kh1 Rfd8
15. Bf1 Rb8 16. Qf2 Bc6 17. Nd5 exd5 18. cxd5 Ne5 19. Nxc6 Nxc6 20. Rxc6 Qd7
21. Bxb6 Rdc8 22. Rxc8+ Qxc8 23. Be3 Qb7 24. b3 Nd7 25. Rc1 h6 26. Rc6 a5 27.
Ra6 Ra8 28. Rxa8+ Qxa8 29. Bb5 Ne5 30. Qc2 Qb7 31. a4 Bf6 32. h3 Ng6 33. Bc6
Qb4 34. Qd1 Qc3 35. Bf2 Be5 36. g3 h5 37. h4 Ne7 38. Bb5 f5 39. Qd3 Qb2 1/2-1/2

[Event "Almansa 2014 - Torneo B"]
[Site "Almansa ESP"]
[Date "2014.08.07"]
[Round "4.1"]
[White "Lozano Osorio, Isaac"]
[Black "Idiazabal Troyas, Aritz"]
[Result "1/2-1/2"]
[WhiteElo "1767"]
[BlackElo "1979"]
[PlyCount "90"]
[EventDate "2014.08.05"]
[EventType "swiss"]
[EventRounds "9"]
[EventCountry "ESP"]
[Source "lmi"]
[SourceDate "2014.08.05"]

1. f4 d5 2. Nf3 Bg4 3. e3 Nd7 4. Be2 Ngf6 5. d4 Ne4 6. Nbd2 Ndf6 7. Ne5 Bxe2 8.
Qxe2 c6 9. Nxe4 Nxe4 10. O-O Qd6 11. c4 h5 12. cxd5 Qxd5 13. Qc4 e6 14. Qxd5
exd5 15. b3 Rc8 16. a4 c5 17. Ba3 Nd2 18. Rfd1 Nxb3 19. Rab1 Na5 20. dxc5 Bxc5
21. Bxc5 Rxc5 22. Rb5 Rxb5 23. axb5 f6 24. Nf3 Nc4 25. Rxd5 Nxe3 26. Rd3 Nf5
27. Ra3 Kd7 28. Rxa7 Kc7 29. Ra4 Re8 30. Kf2 Kb6 31. Rb4 Kc5 32. Rb3 h4 33. g3
hxg3+ 34. hxg3 Ra8 35. Rb2 Ra3 36. g4 Nd6 37. Rc2+ Kxb5 38. Rc7 g5 39. fxg5
Ne4+ 40. Ke2 Ng3+ 41. Kf2 Ne4+ 42. Ke2 Kb6 43. Rg7 Ng3+ 44. Kf2 Ne4+ 45. Ke2
Ng3+ 1/2-1/2

[Event "Almansa 2014 - Torneo B"]
[Site "Almansa ESP"]
[Date "2014.08.07"]
[Round "4.2"]
[White "Quiralte Lara, Jose Maria"]
[Black "Moreno Brocalero, Jorge"]
[Result "0-1"]
[WhiteElo "1449"]
[BlackElo "1960"]
[PlyCount "40"]
[EventDate "2014.08.05"]
[EventType "swiss"]
[EventRounds "9"]
[EventCountry "ESP"]
[Source "lmi"]
[SourceDate "2014.08.05"]

1. e4 e6 2. d4 d5 3. Nd2 dxe4 4. Nxe4 Nd7 5. Nf3 Ngf6 6. Nxf6+ Nxf6 7. Bd3 Be7
8. O-O O-O 9. Re1 b6 10. c3 Bb7 11. Bg5 Nd5 12. Bxe7 Qxe7 13. Be4 Rab8 14. Qd2
Rfd8 15. Rad1 c5 16. Qc2 g6 17. a3 c4 18. Ne5 b5 19. Qe2 Kg7 20. Qe3 Nxe3 0-1

[Event "Almansa 2014 - Torneo B"]
[Site "Almansa ESP"]
[Date "2014.08.07"]
[Round "4.3"]
[White "Lucas Leon, Angel"]
[Black "Molla Gil, Pablo"]
[Result "1/2-1/2"]
[WhiteElo "1863"]
[BlackElo "1789"]
[PlyCount "70"]
[EventDate "2014.08.05"]
[EventType "swiss"]
[EventRounds "9"]
[EventCountry "ESP"]
[Source "lmi"]
[SourceDate "2014.08.05"]

1. d4 d5 2. c4 c6 3. Nc3 Nf6 4. Nf3 e6 5. Bg5 Nbd7 6. e3 Qa5 7. Qb3 Ne4 8. c5
b6 9. cxb6 axb6 10. Bd3 Nxc3 11. bxc3 c5 12. Qc2 h6 13. Bf4 Ba6 14. O-O Rc8 15.
Bxa6 Qxa6 16. Qb3 c4 17. Qc2 Be7 18. Rfb1 O-O 19. Ne5 Nxe5 20. Bxe5 Ba3 21. Qe2
f6 22. Bf4 Kh7 23. e4 Qa5 24. Qc2 f5 25. exf5 exf5 26. Re1 Qa7 27. Re6 Qb7 28.
Qd2 Rc6 29. Rae1 Qd7 30. Rxc6 Qxc6 31. Qc2 g6 32. Bc1 Re8 33. Rxe8 Qxe8 34. Qd2
Bxc1 35. Qxc1 Qe2 1/2-1/2

[Event "Almansa 2014 - Torneo B"]
[Site "Almansa ESP"]
[Date "2014.08.07"]
[Round "4.4"]
[White "Alvarez Morales, Miguel"]
[Black "Aliane Diez, Aaron"]
[Result "1-0"]
[WhiteElo "1979"]
[BlackElo "1804"]
[PlyCount "85"]
[EventDate "2014.08.05"]
[EventType "swiss"]
[EventRounds "9"]
[EventCountry "ESP"]
[Source "lmi"]
[SourceDate "2014.08.05"]

1. c4 e6 2. Nf3 Nf6 3. Nc3 d5 4. d4 Be7 5. e3 O-O 6. Bd3 b6 7. cxd5 exd5 8. Ne5
Bb7 9. O-O Nbd7 10. f4 Ne4 11. g4 Bd6 12. g5 f6 13. Bxe4 dxe4 14. Qb3+ Kh8 15.
Nf7+ Rxf7 16. Qxf7 fxg5 17. Qf5 gxf4 18. exf4 Nf6 19. Be3 Bc8 20. Qg5 Qe8 21.
f5 Be7 22. Qg2 Ba6 23. Rfe1 Bd6 24. Kh1 Qh5 25. Rg1 Rg8 26. Bg5 Ng4 27. h4 Nh6
28. f6 g6 29. f7 Nxf7 30. Bf6+ Rg7 31. Qg4 Qh6 32. Nxe4 Bb7 33. Rae1 Qd2 34.
Re2 Qd3 35. Kg2 Nh6 36. Qf3 Qb5 37. Bxg7+ Kxg7 38. Qf6+ Kg8 39. Rge1 Bb4 40.
Qd8+ Kg7 41. Qxc7+ Nf7 42. Qxb7 Bxe1 43. Qxf7+ 1-0

[Event "Almansa 2014 - Torneo B"]
[Site "Almansa ESP"]
[Date "2014.08.07"]
[Round "4.5"]
[White "Sanchez Serrano, Emilio"]
[Black "Boj Marques, Javier"]
[Result "1/2-1/2"]
[WhiteElo "1811"]
[BlackElo "1950"]
[PlyCount "43"]
[EventDate "2014.08.05"]
[EventType "swiss"]
[EventRounds "9"]
[EventCountry "ESP"]
[Source "lmi"]
[SourceDate "2014.08.05"]

1. d4 d5 2. c4 e6 3. Nc3 c6 4. Nf3 Nd7 5. e3 f5 6. Bd3 Nh6 7. b3 Bd6 8. a4 Qe7
9. c5 Bc7 10. b4 O-O 11. b5 e5 12. Be2 e4 13. Ng1 Qf6 14. Qb3 Kh8 15. g3 Nf7
16. Bd2 a6 17. b6 Bd8 18. h4 Be7 19. Nh3 Nd8 20. Nf4 Ne6 21. Nxe6 Qxe6 22.
O-O-O 1/2-1/2

[Event "Almansa 2014 - Torneo B"]
[Site "Almansa ESP"]
[Date "2014.08.07"]
[Round "4.6"]
[White "Nadal Fajardo, Ricard"]
[Black "Perez Beltran, Jose Maria"]
[Result "0-1"]
[WhiteElo "1941"]
[BlackElo "1697"]
[PlyCount "108"]
[EventDate "2014.08.05"]
[EventType "swiss"]
[EventRounds "9"]
[EventCountry "ESP"]
[Source "lmi"]
[SourceDate "2014.08.05"]

1. e4 d6 2. d4 g6 3. Nf3 Bg7 4. Be2 Nf6 5. Nc3 O-O 6. h3 a6 7. a4 Nc6 8. Be3 e5
9. dxe5 dxe5 10. Bc5 Re8 11. Bc4 h6 12. Qxd8 Rxd8 13. Rd1 Rxd1+ 14. Kxd1 b6 15.
Be3 Bb7 16. Kc1 Na5 17. Bd5 Nxd5 18. Nxd5 Bxd5 19. exd5 Nc4 20. b3 Nd6 21. c4
f5 22. c5 bxc5 23. Bxc5 Ne4 24. b4 Rd8 25. Nd2 Nxc5 26. bxc5 Rxd5 27. Nb3 Kf7
28. Kc2 e4 29. Kb1 Ke6 30. Rc1 Rd3 31. Ka2 Bc3 32. Rc2 a5 33. Nc1 Rd2 34. Kb3
Rxc2 35. Kxc2 Bd4 36. Nb3 Bxf2 37. Nxa5 Bxc5 38. Nb3 Kd5 39. a5 Ba7 40. a6 Kc4
41. Na5+ Kb5 42. Nb7 Kxa6 43. Nd8 Kb5 44. Ne6 c5 45. g4 Bb8 46. Nf8 fxg4 47.
hxg4 g5 48. Nd7 Bf4 49. Nf6 e3 50. Kd1 Kc4 51. Ke2 Kd4 52. Ng8 c4 53. Nxh6 c3
54. Nf5+ Ke4 0-1

[Event "Almansa 2014 - Torneo B"]
[Site "Almansa ESP"]
[Date "2014.08.07"]
[Round "4.7"]
[White "Munoz Galdos, Carlos"]
[Black "Medina Cordero, Angel"]
[Result "1-0"]
[WhiteElo "1748"]
[BlackElo "1862"]
[PlyCount "99"]
[EventDate "2014.08.05"]
[EventType "swiss"]
[EventRounds "9"]
[EventCountry "ESP"]
[Source "lmi"]
[SourceDate "2014.08.05"]

1. e4 e6 2. d4 d5 3. Nc3 Nf6 4. Bg5 Be7 5. e5 Nfd7 6. Bxe7 Qxe7 7. f4 b6 8. Nf3
Ba6 9. a3 Bxf1 10. Rxf1 Nc6 11. Qd3 a6 12. O-O-O b5 13. b4 Nb6 14. Nd2 Nc4 15.
Nxc4 bxc4 16. Qg3 a5 17. Qxg7 Kd7 18. Na4 Rag8 19. Nc5+ Kc8 20. Qh6 axb4 21.
axb4 Nd8 22. Qh3 Nb7 23. Qa3 Nxc5 24. bxc5 c6 25. Qa8+ Kc7 26. Qa7+ Kd8 27.
Qb8+ Kd7 28. Qb7+ Ke8 29. Qxc6+ Qd7 30. Qxd7+ Kxd7 31. g3 Ra8 32. Kd2 h5 33.
Ra1 Kc6 34. Rfb1 Rhb8 35. Rxb8 Rxa1 36. Rh8 Rf1 37. Rxh5 Kb5 38. Rh8 Rf2+ 39.
Kc3 Rf3+ 40. Kb2 Re3 41. Rg8 Re4 42. Kc3 Re3+ 43. Kd2 Rf3 44. h4 Rf2+ 45. Kc3
Rf3+ 46. Kb2 Rf1 47. h5 c3+ 48. Kxc3 Rf3+ 49. Kb2 Kc4 50. h6 1-0

[Event "Almansa 2014 - Torneo B"]
[Site "Almansa ESP"]
[Date "2014.08.07"]
[Round "4.8"]
[White "Hernandez Recio, Roberto"]
[Black "Castillo Garcia, Adrian"]
[Result "1/2-1/2"]
[WhiteElo "1860"]
[BlackElo "1719"]
[PlyCount "129"]
[EventDate "2014.08.05"]
[EventType "swiss"]
[EventRounds "9"]
[EventCountry "ESP"]
[Source "lmi"]
[SourceDate "2014.08.05"]

1. d4 Nf6 2. c4 g6 3. Nc3 Bg7 4. e4 d6 5. Nf3 O-O 6. h3 e5 7. Be3 Nc6 8. Bd3
Nh5 9. Bc2 Nf4 10. Bxf4 exf4 11. Qd2 f5 12. O-O-O fxe4 13. Bxe4 Bd7 14. Rhe1 a6
15. Nd5 Rb8 16. Nb4 Nxb4 17. Qxb4 Qf6 18. Kb1 Bc6 19. d5 a5 20. Qc3 Qxc3 21.
bxc3 Ba4 22. Bc2 Bd7 23. Nd4 Rfe8 24. f3 b5 25. Rxe8+ Bxe8 26. cxb5 Bxb5 27.
Kc1 Bc4 28. Nc6 Rb5 29. Ba4 Rc5 30. Kb2 Kf7 31. Re1 Bf6 32. Nd4 Bxd5 33. Be8+
Kf8 34. Bd7 Be5 35. Be6 Ke7 36. Bxd5 Rxd5 37. Re4 Kd7 38. Kb3 Bxd4 39. cxd4 g5
40. a4 c5 41. dxc5 Rxc5 42. h4 h6 43. hxg5 hxg5 44. g3 fxg3 45. Rg4 Ke6 46.
Rxg3 Kf5 47. Rg4 Ke6 48. Re4+ Kd7 49. Rg4 Kc6 50. f4 gxf4 51. Rxf4 Re5 52. Kc4
Re1 53. Rf5 d5+ 54. Kd4 Rd1+ 55. Kc3 Kc5 56. Rf8 Rc1+ 57. Kd3 Rc4 58. Rc8+ Kb4
59. Rd8 Kxa4 60. Rxd5 Rc6 61. Rd8 Rb6 62. Kc3 Ka3 63. Rc8 a4 64. Rc4 Rb1 65.
Kc2 1/2-1/2

[Event "Almansa 2014 - Torneo B"]
[Site "Almansa ESP"]
[Date "2014.08.07"]
[Round "4.10"]
[White "Lechuga Cabrero, Diego"]
[Black "Escalante Ortega, Fernando"]
[Result "1/2-1/2"]
[WhiteElo "1641"]
[BlackElo "1860"]
[PlyCount "49"]
[EventDate "2014.08.05"]
[EventType "swiss"]
[EventRounds "9"]
[EventCountry "ESP"]
[Source "lmi"]
[SourceDate "2014.08.05"]

1. c4 c5 2. Nc3 Nf6 3. g3 d5 4. cxd5 Nxd5 5. Bg2 Nc7 6. Nf3 Nc6 7. O-O e5 8. d3
Be6 9. Ng5 Qd7 10. Nxe6 Qxe6 11. Bd2 Be7 12. Re1 Rc8 13. a3 Na6 14. Rc1 O-O 15.
Nd5 Rfd8 16. Qb3 b6 17. Nxe7+ Qxe7 18. Qb5 Nab8 19. Qc4 Nd4 20. a4 Nbc6 21. Bc3
Qd6 22. Bxd4 Qxd4 23. Bxc6 Rxc6 24. b3 Qxc4 25. Rxc4 1/2-1/2

[Event "Almansa 2014 - Torneo B"]
[Site "Almansa ESP"]
[Date "2014.08.07"]
[Round "5.2"]
[White "Perez Garcia, Juan Angel"]
[Black "Lozano Osorio, Isaac"]
[Result "1-0"]
[WhiteElo "1881"]
[BlackElo "1767"]
[PlyCount "45"]
[EventDate "2014.08.05"]
[EventType "swiss"]
[EventRounds "9"]
[EventCountry "ESP"]
[Source "lmi"]
[SourceDate "2014.08.05"]

1. d4 f5 2. g3 Nf6 3. Bg2 e6 4. Nf3 d6 5. c4 Be7 6. Nc3 O-O 7. O-O h6 8. Nh4
Nbd7 9. Ng6 Re8 10. e4 fxe4 11. Nxe4 Nf8 12. Nxe7+ Qxe7 13. b3 e5 14. Bb2 N8d7
15. dxe5 Nxe5 16. Nxf6+ gxf6 17. Re1 Bg4 18. Rxe5 Qxe5 19. Qxg4+ Qg5 20. Qd4
Qe5 21. Bxb7 Rab8 22. Bd5+ Kh8 23. Qh4 1-0

[Event "Almansa 2014 - Torneo B"]
[Site "Almansa ESP"]
[Date "2014.08.07"]
[Round "5.4"]
[White "Boj Marques, Javier"]
[Black "Munoz Galdos, Carlos"]
[Result "1-0"]
[WhiteElo "1950"]
[BlackElo "1748"]
[PlyCount "81"]
[EventDate "2014.08.05"]
[EventType "swiss"]
[EventRounds "9"]
[EventCountry "ESP"]
[Source "lmi"]
[SourceDate "2014.08.05"]

1. d4 Nf6 2. Nf3 g6 3. c4 Bg7 4. Qc2 d5 5. e3 O-O 6. Nc3 dxc4 7. Bxc4 c5 8. d5
a6 9. a4 b6 10. O-O Bb7 11. e4 Qc7 12. h3 Nbd7 13. Be3 Ne8 14. Rfe1 Nd6 15. Bf1
Rfe8 16. Bf4 e5 17. dxe6 fxe6 18. Rad1 e5 19. Bg5 h6 20. Bh4 g5 21. Bg3 Rad8
22. Nd2 Nf7 23. Nc4 Bc6 24. Ne3 Qb7 25. Bc4 b5 26. Bxf7+ Kxf7 27. Nf5 Bf8 28.
axb5 axb5 29. Nd6+ Bxd6 30. Rxd6 Re6 31. Rxe6 Kxe6 32. Qd1 b4 33. Qg4+ Kd6 34.
Nd1 Kc7 35. Ne3 Kb6 36. Nc4+ Kc7 37. Qe6 Qa6 38. Nxe5 Kb7 39. Qe7 Kc8 40. Nxd7
Bxd7 41. Qxc5+ 1-0

[Event "Almansa 2014 - Torneo B"]
[Site "Almansa ESP"]
[Date "2014.08.07"]
[Round "5.4"]
[White "Perez Beltran, Jose Maria"]
[Black "Lucas Leon, Angel"]
[Result "1-0"]
[WhiteElo "1697"]
[BlackElo "1863"]
[PlyCount "51"]
[EventDate "2014.08.05"]
[EventType "swiss"]
[EventRounds "9"]
[EventCountry "ESP"]
[Source "lmi"]
[SourceDate "2014.08.05"]

1. e4 c6 2. d4 d5 3. e5 Bf5 4. Nf3 e6 5. Be2 c5 6. c3 Nc6 7. O-O cxd4 8. cxd4
Bb4 9. Nbd2 Nge7 10. a3 Ba5 11. b4 Bb6 12. Bb2 O-O 13. Nb3 Rc8 14. Rc1 Ng6 15.
Qd2 Rc7 16. Bc3 Qd7 17. b5 Nce7 18. a4 a5 19. Bxa5 Bxa5 20. Qxa5 Rxc1 21. Rxc1
Rc8 22. Rxc8+ Qxc8 23. Nc5 Nf4 24. Bf1 Bc2 25. Nxb7 Bxa4 26. Nd6 1-0

[Event "Almansa 2014 - Torneo B"]
[Site "Almansa ESP"]
[Date "2014.08.07"]
[Round "5.5"]
[White "Pastor Villalba, Arturo"]
[Black "Cebrian Flores, Juan Antonio"]
[Result "1/2-1/2"]
[WhiteElo "1802"]
[BlackElo "1995"]
[PlyCount "79"]
[EventDate "2014.08.05"]
[EventType "swiss"]
[EventRounds "9"]
[EventCountry "ESP"]
[Source "lmi"]
[SourceDate "2014.08.05"]

1. d4 g6 2. c4 Bg7 3. Nc3 Nf6 4. e4 d6 5. f3 O-O 6. Bg5 c5 7. d5 a6 8. a4 e6 9.
Nge2 exd5 10. Nxd5 Nbd7 11. Nec3 h6 12. Bh4 g5 13. Bg3 Nxd5 14. cxd5 Ne5 15.
Be2 Ng6 16. O-O Nf4 17. Bc4 b6 18. Kh1 Be5 19. Rb1 Qf6 20. Ne2 Bd7 21. Nc3 h5
22. Bf2 h4 23. Be3 Kg7 24. Rf2 Rh8 25. Qf1 Qh6 26. Bxf4 gxf4 27. h3 Rag8 28.
Bxa6 Kf6 29. Bb5 Bc8 30. Ne2 Rg5 31. b4 Rhg8 32. bxc5 bxc5 33. Bc4 Bd7 34. a5
Ra8 35. a6 Bc8 36. Rb6 Ra7 37. Qb1 Qf8 38. Rb8 Rg8 39. Qb6 Qe7 40. Rf1 1/2-1/2

[Event "Almansa 2014 - Torneo B"]
[Site "Almansa ESP"]
[Date "2014.08.07"]
[Round "5.6"]
[White "Castillo Garcia, Adrian"]
[Black "Garcia Ruano, Juan Carlos"]
[Result "1-0"]
[WhiteElo "1719"]
[BlackElo "1930"]
[PlyCount "109"]
[EventDate "2014.08.05"]
[EventType "swiss"]
[EventRounds "9"]
[EventCountry "ESP"]
[Source "lmi"]
[SourceDate "2014.08.05"]

1. d4 d5 2. Nc3 g6 3. Bf4 c6 4. e3 Nf6 5. Bd3 Bg7 6. Nf3 O-O 7. Qe2 Bg4 8. h3
Bxf3 9. Qxf3 Nbd7 10. h4 Nh5 11. g4 Nxf4 12. Qxf4 e5 13. dxe5 Nxe5 14. O-O-O
Nxd3+ 15. Rxd3 Qf6 16. Qg3 Qe6 17. g5 f5 18. h5 Bxc3 19. Rxc3 Kg7 20. Rb3 b6
21. hxg6 f4 22. Rxh7+ Kg8 23. Qh4 Qxg6 24. Rh8+ Kg7 25. Rxf8 Rxf8 26. exf4 Rh8
27. Qg4 Rh1+ 28. Kd2 Qe4 29. Qd7+ Kg8 30. Qd8+ Kg7 31. Qf6+ Kg8 32. Re3 Qb4+
33. Ke2 Qc4+ 34. Kf3 Rh3+ 35. Kg4 Rxe3 36. fxe3 Qe2+ 37. Kf5 Qxc2+ 38. Ke6 Qe4+
39. Qe5 Qg6+ 40. Kd7 Qf7+ 41. Kxc6 Qg6+ 42. Kd7 Qd3 43. g6 Qb5+ 44. Ke7 Qc5+
45. Kf6 Qf8+ 46. Kg5 d4 47. Qe6+ Kg7 48. Qe5+ Kg8 49. Qd5+ Kg7 50. Qxd4+ Kg8
51. f5 Qa8 52. e4 Qb8 53. Qc4+ Kh8 54. Qd3 Qc7 55. Qh3+ 1-0

[Event "Almansa 2014 - Torneo B"]
[Site "Almansa ESP"]
[Date "2014.08.07"]
[Round "5.7"]
[White "Guillen Beltran, Juan"]
[Black "Avila Sanchez, Miguel Angel"]
[Result "1-0"]
[WhiteElo "1755"]
[BlackElo "1887"]
[PlyCount "123"]
[EventDate "2014.08.05"]
[EventType "swiss"]
[EventRounds "9"]
[EventCountry "ESP"]
[Source "lmi"]
[SourceDate "2014.08.05"]

1. e4 e5 2. Nf3 Nc6 3. Bc4 Bc5 4. Nc3 d6 5. d3 Bg4 6. h3 Bh5 7. g4 Bg6 8. Be3
Bxe3 9. fxe3 Na5 10. Bb3 Nxb3 11. axb3 c6 12. Qe2 h5 13. g5 h4 14. Qf2 a6 15.
Rg1 Qd7 16. Rh1 Qe7 17. O-O-O Bh5 18. Qxh4 O-O-O 19. Rdf1 Bxf3 20. Qxh8 Bxh1
21. Qxg7 f6 22. Qxe7 Nxe7 23. gxf6 Bg2 24. fxe7 Re8 25. Rf8 Kd7 26. Rxe8 Kxe8
27. h4 Kxe7 28. Kd2 Bf3 29. Ke1 a5 30. Kf2 Bh5 31. Ne2 b5 32. Ke1 Kf6 33. Ng3
Bg4 34. Kd2 b4 35. d4 Bc8 36. Kd3 Ba6+ 37. Kd2 Bc8 38. c3 Be6 39. Kc2 Bg8 40.
Nf5 d5 41. Ng3 exd4 42. exd4 Bh7 43. Kd3 dxe4+ 44. Ke3 Bg6 45. Nxe4+ Kf5 46. h5
Bh7 47. Nd6+ Kg5 48. Nc4 Kxh5 49. Nxa5 bxc3 50. bxc3 Bc2 51. Nxc6 Bxb3 52. Ne5
Kg5 53. c4 Kf5 54. Kd3 Ba4 55. Nf3 Ke6 56. d5+ Kd6 57. Kd4 Bd1 58. c5+ Kc7 59.
Ne5 Bb3 60. Nc4 Kd7 61. c6+ Kc7 62. Kc5 1-0

[Event "Almansa 2014 - Torneo B"]
[Site "Almansa ESP"]
[Date "2014.08.07"]
[Round "5.8"]
[White "Lopez Perez, Alberto Jose"]
[Black "De La Calle Fuentes, Sergio"]
[Result "1-0"]
[WhiteElo "1878"]
[BlackElo "1716"]
[PlyCount "73"]
[EventDate "2014.08.05"]
[EventType "swiss"]
[EventRounds "9"]
[EventCountry "ESP"]
[Source "lmi"]
[SourceDate "2014.08.05"]

1. e4 e5 2. Nf3 Nc6 3. Bb5 f5 4. d4 Nxd4 5. Nxd4 exd4 6. O-O c6 7. Bc4 Qf6 8.
e5 Qg6 9. Qxd4 b5 10. Bd3 Bb7 11. Qf4 Ne7 12. Nc3 Qf7 13. h4 h6 14. Re1 Rg8 15.
e6 dxe6 16. Qd6 Rd8 17. Qxe6 Qxe6 18. Rxe6 Kf7 19. Re1 g6 20. Be3 a6 21. a4 b4
22. Na2 Nd5 23. Bc4 Kg7 24. Rad1 a5 25. c3 bxc3 26. Nxc3 Bb4 27. Bd4+ Kh7 28.
Re6 Nf4 29. Re5 Rge8 30. Rde1 Rxe5 31. Bxe5 Nd5 32. Rd1 Re8 33. Nxd5 Rxe5 34.
Nxb4 axb4 35. Rd7+ Kh8 36. Rxb7 Re4 37. b3 1-0